Análisis matemático con aplicaciones a la economia /
Contenido: Funciones de varias variables; Límites y continuidad; Derivadas; Diferencial; Funciones compuestas, implícitas y homogéneas; Fórmulas de Taylor y de Mac Laurin para funciones de dos variables; Extremos; Integrales múltiples: Integrales dobles; Cambio de variables; Ecuaciones diferenciales...
Guardat en:
| Autor principal: | |
|---|---|
| Altres autors: | |
| Format: | Llibre |
| Idioma: | espanyol |
| Publicat: |
Buenos Aires, Argentina :
Macchi,
1999, c1999
|
| Col·lecció: | (Matemática)
(Ciencias Económicas) |
| Matèries: | |
| Etiquetes: |
Sense etiquetes, Sigues el primer a etiquetar aquest registre!
|
MARC
| LEADER | 00000nam^a2200000^a^4500 | ||
|---|---|---|---|
| 001 | 000142938 | ||
| 005 | 20250521000000.0 | ||
| 009 | 20260310095707.269 | ||
| 020 | |a 950-537-479-8 | ||
| 037 | |a Acervo ITESO - Biblioteca | ||
| 041 | |a ESP | ||
| 082 | |a 515. |b ANA V. 2 | ||
| 100 | |a Caro, Héctor A. Di |e (autor) | ||
| 240 | 1 | 1 | |a [Análisis matemático con aplicaciones a las ciencias económicas] |
| 245 | 1 | 0 | |a Análisis matemático con aplicaciones a la economia / |c H.A. Di Caro, L.B. Gallego. |
| 264 | 4 | |a Buenos Aires, Argentina : |b Macchi, |c 1999, c1999 | |
| 300 | |a VIII, 558 p. | ||
| 336 | |a texto |b txt |2 rdacontenido | ||
| 337 | |a sin mediación |b n |2 rdamedio | ||
| 338 | |a volumen |b nc |2 rdasoporte | ||
| 440 | 1 | |a (Matemática) | |
| 440 | 1 | |a (Ciencias Económicas) | |
| 520 | |a Contenido: Funciones de varias variables; Límites y continuidad; Derivadas; Diferencial; Funciones compuestas, implícitas y homogéneas; Fórmulas de Taylor y de Mac Laurin para funciones de dos variables; Extremos; Integrales múltiples: Integrales dobles; Cambio de variables; Ecuaciones diferenciales ordinarias de primer orden y de segundo orden. | ||
| 649 | |a XX | ||
| 650 | |a Análisis Matemático | ||
| 650 | |a Ecuaciones Diferenciales | ||
| 650 | |a Cálculo | ||
| 650 | |a Continuidad (Matemáticas) | ||
| 650 | |a Cálculo Integral | ||
| 650 | |a Cálculo Diferencial | ||
| 650 | |a Cálculo | ||
| 650 | |a Funciones (Matemáticas) | ||
| 650 | |a Matemáticas Financieras | ||
| 650 | |a Economía | ||
| 650 | |a Matemáticas | ||
| 700 | |a Gallego, Liliana B. |e (autor) | ||
| 910 | |a Fondo General | ||
| 920 | |a Impresos - Libros | ||
| 930 | |a Colección General | ||
| 905 | |a 101 | ||
| 901 | |a 0500071643 |b IT1 |c ACC |u 20250521 | ||
| 902 | |a https://opac.biblio.iteso.mx/vufind/Record/000142938 | ||